Ukrajinská hegemónia Silne obsadený košický šachový turnaj sa vydaril

Bibliographic Details
Main Author: rony (Author)
Format: Article
Language:Slovak
Subjects:

MARC

LEADER 00000nab a2200000 a 4500
001 vtls000895602
003 SK-MaSNL
005 20260302175257.0
008 040720e19970903xo 0 slo
035 |a KE4633 
040 |a KEVKJB  |b slo  |c KEVKJB  |e AACR2 
041 0 |a slo 
044 |a xo  |c SK 
080 |a 794.1  |2 1981 
100 0 |a rony  |4 aut  |9 884892 
245 1 0 |a Ukrajinská hegemónia  |b Silne obsadený košický šachový turnaj sa vydaril 
611 1 7 |a Cassovia Open (šachový turnaj)  |2 SNK  |9 886510 
650 0 7 |a šach  |2 SNKPH  |9 3315 
650 0 7 |a informácie  |2 SNKPH  |9 1285 
650 0 7 |a šachové turnaje  |2 SNKPH  |9 3317 
651 7 |a Košice (Slovensko)  |2 SNKPHgeo  |9 18694 
651 7 |a KE,  |2 KEVKJB  |9 877256 
655 7 |a periodikum  |2 SNKPH  |9 29553 
773 0 8 |t Košický večer  |g Roč. 8  |g Roč. 29, č.170, 3.9.1997, s. 11 
852 |a ZVYKNI  |b KIS3GCP 
999 |c 1406539  |d 1408469